000 00815nam a2200253 a 4500
999 _c12593
_d12593
001 12593
003 BD-JhCC
005 20221010115109.0
008 221010s20132018bg |||| |||| 000 0 ban d
020 _a9847012002865
035 _a(BD-JhCC)12593
040 _aBD-JhCC
_dBD-JhCC
041 _aBangla
082 _a923
_bASH 2018
100 _aঘোস, বিশ্বজিৎ
245 _aআবুল বাসার /
_cবিশ্বজিৎ ঘোস
260 _aঢাকা :
_bকথাপ্রকাশ,
_c২০১৮
300 _a৬৩ পৃ. :
_c২১ সেমি.
490 _aজীবনী গ্রন্থমালা
504 _aগ্রন্থপঞ্জি অর্ন্তভূক্ত।
600 _aAbul Hasan
650 _aBiography
942 _2ddc
_cBK